Statistics for Click a Valid Country #5

Click here to take the quiz!

General Stats

  • This quiz has been taken 47 times
  • The average score is 26 of 36

Answer Stats

QuestionTileSelect% Correct
That Are Completely in the Northern HemisphereGermanyYes
96%
That Are Completely in the Northern HemisphereNew ZealandNo
96%
That Are Completely in the Northern HemisphereNauruNo
93%
That Are Completely in the Northern HemisphereNorwayYes
93%
That Have a GDP Greater Than $100 BillionBhutanNo
91%
That Have a GDP Greater Than $100 BillionNauruNo
91%
That Have a Coastline Longer Than 1,000 KilometersNorwayYes
91%
That Have a GDP Greater Than $100 BillionSomaliaNo
91%
That Have a GDP Greater Than $100 BillionGermanyYes
89%
That Have a Coastline Longer Than 1,000 KilometersBhutanNo
87%
That Have a Coastline Longer Than 1,000 KilometersNauruNo
87%
That Border the Pacific or Atlantic Oceans (Including Connected Bodies of Water)BhutanNo
84%
That Border the Pacific or Atlantic Oceans (Including Connected Bodies of Water)KenyaNo
84%
That Are Completely in the Northern HemispherePeruNo
84%
That Are Completely in the Northern HemisphereBhutanYes
80%
That Have a Coastline Longer Than 1,000 KilometersNew ZealandYes
80%
That Border the Pacific or Atlantic Oceans (Including Connected Bodies of Water)PeruYes
80%
That Border the Pacific or Atlantic Oceans (Including Connected Bodies of Water)SomaliaNo
80%
That Border the Pacific or Atlantic Oceans (Including Connected Bodies of Water)BangladeshNo
78%
That Are Completely in the Northern HemisphereKenyaNo
78%
That Border the Pacific or Atlantic Oceans (Including Connected Bodies of Water)New ZealandYes
78%
That Have a Coastline Longer Than 1,000 KilometersKenyaNo
76%
That Have a GDP Greater Than $100 BillionNorwayYes
76%
That Border the Pacific or Atlantic Oceans (Including Connected Bodies of Water)NauruYes
73%
That Border the Pacific or Atlantic Oceans (Including Connected Bodies of Water)NorwayYes
73%
That Are Completely in the Northern HemisphereBangladeshYes
69%
That Are Completely in the Northern HemisphereSomaliaNo
69%
That Have a Coastline Longer Than 1,000 KilometersSomaliaYes
62%
That Have a GDP Greater Than $100 BillionNew ZealandYes
58%
That Have a Coastline Longer Than 1,000 KilometersPeruYes
58%
That Border the Pacific or Atlantic Oceans (Including Connected Bodies of Water)GermanyYes
51%
That Have a GDP Greater Than $100 BillionPeruYes
22%
That Have a Coastline Longer Than 1,000 KilometersBangladeshYes
20%
That Have a GDP Greater Than $100 BillionKenyaYes
20%
That Have a GDP Greater Than $100 BillionBangladeshYes
18%
That Have a Coastline Longer Than 1,000 KilometersGermanyYes
13%

Score Distribution

Percentile by Number Answered

Percent of People with Each Score

Your Score History

You have not taken this quiz